000 00205nam a2200085Ia 4500
008 120527s9999 xx 000 0 und d
100 _aLarson , et al
245 _aPrecalculus: a concise course
942 _cBK
999 _c27824
_d27824